| 000 | 00498nam a22001697a 4500 | ||
|---|---|---|---|
| 003 | BD-ChCU | ||
| 005 | 20251203090940.0 | ||
| 008 | 251203b bg ||||| |||| 00| 0 ben d | ||
| 040 | _cBD-ChCU | ||
| 082 | _a330.9495 STE | ||
| 100 |
_aStarr , Chester G. _917361 |
||
| 245 |
_aThe Economics and social growth of early greece 800-500 B.C. / _cChester G . Starr. |
||
| 260 |
_aNew York : _bOxford , _cC 1977 |
||
| 300 | _a267p | ||
| 650 | 0 |
_aGreece - economic Condition. _917362 |
|
| 942 |
_2ddc _cBK _n0 |
||
| 999 |
_c110068 _d110068 |
||